| 000 -LEADER |
| fixed length control field |
01384cam a2200433Ia 4500 |
| 001 - CONTROL NUMBER |
| control field |
8703852 |
| 003 - CONTROL NUMBER IDENTIFIER |
| control field |
OSt |
| 005 - DATE AND TIME OF LATEST TRANSACTION |
| control field |
20180116183027.0 |
| 008 - FIXED-LENGTH DATA ELEMENTS--GENERAL INFORMATION |
| fixed length control field |
931221s1994 nyu 000 1 eng d |
| 020 ## - INTERNATIONAL STANDARD BOOK NUMBER |
| International Standard Book Number |
0451453069 : |
| Terms of availability |
$22.00 |
| 020 ## - INTERNATIONAL STANDARD BOOK NUMBER |
| International Standard Book Number |
9780451453068 |
| 020 ## - INTERNATIONAL STANDARD BOOK NUMBER |
| International Standard Book Number |
0451454162 (pbk.) |
| 020 ## - INTERNATIONAL STANDARD BOOK NUMBER |
| International Standard Book Number |
9780451454164 (pbk.) |
| 029 1# - OTHER SYSTEM CONTROL NUMBER (OCLC) |
| OCLC library identifier |
UNITY |
| System control number |
020727550 |
| 029 1# - OTHER SYSTEM CONTROL NUMBER (OCLC) |
| OCLC library identifier |
NLGGC |
| System control number |
239108981 |
| 029 1# - OTHER SYSTEM CONTROL NUMBER (OCLC) |
| OCLC library identifier |
NZ1 |
| System control number |
13307930 |
| 029 1# - OTHER SYSTEM CONTROL NUMBER (OCLC) |
| OCLC library identifier |
AU@ |
| System control number |
000046378873 |
| 029 1# - OTHER SYSTEM CONTROL NUMBER (OCLC) |
| OCLC library identifier |
AU@ |
| System control number |
000046448382 |
| 035 ## - SYSTEM CONTROL NUMBER |
| System control number |
(OCoLC)ocm29533562 |
| 035 ## - SYSTEM CONTROL NUMBER |
| System control number |
(OCoLC)29533562 |
| Canceled/invalid control number |
(OCoLC)31775134 |
| 035 ## - SYSTEM CONTROL NUMBER |
| System control number |
(NNC)8703852 |
| 040 ## - CATALOGING SOURCE |
| Original cataloging agency |
IMD |
| Transcribing agency |
IMD |
| Modifying agency |
SLC |
| -- |
OCLCQ |
| -- |
SXC |
| -- |
JDP |
| -- |
BTCTA |
| -- |
BAKER |
| -- |
SINLB |
| 082 04 - DEWEY DECIMAL CLASSIFICATION NUMBER |
| Classification number |
813.54 WUR 1992 |
| Edition number |
21 |
| 090 ## - LOCALLY ASSIGNED LC-TYPE CALL NUMBER (OCLC); LOCAL CALL NUMBER (RLIN) |
| Classification number (OCLC) (R) ; Classification number, CALL (RLIN) (NR) |
PS3573.U75 |
| Local cutter number (OCLC) ; Book number/undivided call number, CALL (RLIN) |
C87 1994x |
| 100 1# - MAIN ENTRY--PERSONAL NAME |
| Personal name |
Wurts, Janny. |
| 245 10 - TITLE STATEMENT |
| Title |
The Master of Whitestorm |
| Statement of responsibility, etc. |
Janny Wurts. |
| 260 ## - PUBLICATION, DISTRIBUTION, ETC. |
| Place of publication, distribution, etc. |
New York : |
| Name of publisher, distributor, etc. |
Grafton |
| Date of publication, distribution, etc. |
1994. |
| 300 ## - PHYSICAL DESCRIPTION |
| Extent |
413 p. ; |
| Dimensions |
cm. |
| Other physical details |
PB |
| 440 ## - SERIES STATEMENT/ADDED ENTRY--TITLE |
| Title |
The Master of Whitestorm |
| 490 1# - SERIES STATEMENT |
| Series statement |
The Wars of Light and Shadows ; |
| Volume/sequential designation |
v. 1 |
| 500 ## - GENERAL NOTE |
| General note |
"A Roc book." |
| 520 ## - SUMMARY, ETC. |
| Summary, etc. |
Only if two half-brothers, heirs to an ancient blood feud, work together can they lift the curse on the land of Athera. |
| 650 #0 - SUBJECT ADDED ENTRY--TOPICAL TERM |
| Topical term or geographic name entry element |
Fantasy fiction. |
| 655 #7 - INDEX TERM--GENRE/FORM |
| Genre/form data or focus term |
Fantastic fiction. |
| Source of term |
gsafd |
| 800 1# - SERIES ADDED ENTRY--PERSONAL NAME |
| Personal name |
Wurts, Janny. |
| Title of a work |
Wars of Light and Shadows ; |
| Volume/sequential designation |
v. 1. |
| 942 ## - ADDED ENTRY ELEMENTS (KOHA) |
| Source of classification or shelving scheme |
|
| Koha item type |
Book |
| 948 1# - LOCAL PROCESSING INFORMATION (OCLC); SERIES PART DESIGNATOR (RLIN) |
| Series part designator, SPT (RLIN) |
20110609 |
| b (OCLC) |
c |
| c (OCLC) |
garecap1 |
| d (OCLC) |
RCP |